| 000 | 00278 a2200097 4500 | ||
|---|---|---|---|
| 001 | 38050 | ||
| 100 | _aStephons H S | ||
| 245 | _aAerodynamics and ventilation of vehicle Tunnels; third international symposium , vol. 1 | ||
| 260 |
_aEngland _bBHRA _c1979 |
||
| 090 |
_c24228 _d24228 |
||
| 942 |
_aNUST-CAE _cM _c15812 |
||
| 999 |
_c273123 _d273123 |
||